All Cheesecake Factory's Cheesecakes - Statistics

General Stats
  • This quiz has been taken 11 times
  • The average score is 10 of 33
Answer Stats
Picture Answer % Correct
Strawberry
90%
Oreo
80%
Salted Caramel
60%
White Chocolate Raspberry
60%
Banana
50%
Key Lime
50%
Lemon Raspberry
50%
Mango Key Lime
50%
Pumpkin
50%
Vanilla
40%
Dulce De Leche
30%
Original
30%
Pineapple
30%
Red Velvet
30%
S’Mores
30%
Chocolate Mousse
20%
Chocolate Tuxedo
20%
Cookie Dough
20%
Peach
20%
Reese’s
20%
Snickers
20%
Tiramisu
20%
Berry
10%
Caramel Pecan
10%
Celebration
10%
Coconut
10%
Godiva
10%
Hershey’s
10%
Lemon Meringue
10%
Pumpkin Pecan
10%
Cherry Ghirardelli
0%
Cinnabon
0%
Peanut Butter Cup
0%
No matching quizzes found
Score Distribution
Percent of People with Each Score
Percentile by Number Answered
Your Score History
You have not taken this quiz